[Event "Berlin-ch Seniors op 39th"]
[Site "Berlin"]
[Date "2023.01.29"]
[Round "6"]
[White "Raitza, Olaf"]
[Black "Costello, Colin"]
[Result "1-0"]
[WhiteElo "2150"]
[BlackElo "1857"]
[PlyCount "63"]
[EventDate "2023.01.24"]
[EventType "swiss"]
[EventRounds "9"]
[EventCountry "GER"]
[SourceTitle "CBM 212 Extra"]
[Source "ChessBase"]
[SourceDate "2023.03.31"]
[SourceVersion "1"]
[SourceVersionDate "2023.03.31"]
[SourceQuality "1"]

1. e4 e5 2. Nf3 Nc6 3. Bb5 a6 4. Ba4 Nf6 5. 0-0 Nxe4 6. Re1 Nc5 7. Bxc6 dxc6 8. d4 Ne6 9. Nxe5 Be7 10. Be3 0-0 11. Nc3 Bb4 12. Qd3 Re8 13. Rad1 Nf8 14. Qc4 Bxc3 15. Qxf7+ Kh8 16. Bg5 Be6 17. Bxd8 Raxd8 18. bxc3 Bxf7 19. Nxf7+ Kg8 20. Nxd8 Rxd8 21. Re7 Nd7 22. Rde1 Kf8 23. f3 b6 24. Kf2 a5 25. g4 h5 26. R7e6 c5 27. Rc6 cxd4 28. Rxc7 dxc3 29. Rd1 Ke7 30. Rxc3 Ke6 31. Rc6+ Ke7 32. Rcd6 1-0

[Event "Split op 4th"]
[Site "Split"]
[Date "2014.08.16"]
[Round "1"]
[White "Mencinger, Vojko"]
[Black "Costello, Colin"]
[Result "1/2-1/2"]
[WhiteElo "2409"]
[BlackElo "1936"]
[PlyCount "118"]
[EventDate "2014.08.16"]
[EventType "swiss"]
[EventRounds "9"]
[EventCountry "CRO"]
[SourceTitle "CBM 161 Extra"]
[Source "ChessBase"]
[SourceDate "2014.08.29"]
[SourceVersion "1"]
[SourceVersionDate "2014.08.29"]
[SourceQuality "1"]

1. e4 e6 2. d4 d5 3. Nc3 Bb4 4. e5 c5 5. a3 Bxc3+ 6. bxc3 Qc7 7. Nf3 Ne7 8. Bd3 Nbc6 9. 0-0 Bd7 10. Re1 c4 11. Bf1 f6 12. exf6 gxf6 13. Nh4 0-0-0 14. Bh6 Rhg8 15. Qf3 f5 16. Bf4 Qa5 17. h3 Rde8 18. Qe3 Ng6 19. Nxg6 hxg6 20. a4 Qd8 21. Bg5 Qc7 22. Rab1 e5 23. dxe5 Rxe5 24. Qd2 Rxe1 25. Rxe1 Qa5 26. Rb1 Nd8 27. Rb5 Bxb5 28. Qxd5 Re8 29. axb5 Ne6 30. Be3 Qxc3 31. Bxa7 Qxc2 32. Qd6 Qe4 33. f3 Qf4 34. Qb4 Rd8 35. Qxc4+ Qxc4 36. Bxc4 Rd1+ 37. Kf2 Nf4 38. Be3 Nd5 39. Bg5 Kd7 40. g4 fxg4 41. hxg4 Kd6 42. Be2 Rb1 43. Bd3 Rb3 44. Bxg6 Ke5 45. Kg3 Rxb5 46. f4+ Ke6 47. Be8 Rb3+ 48. Kh4 Nf6 49. Bg6 Rb2 50. Bd3 b5 51. f5+ Ke5 52. Bxf6+ Kxf6 53. g5+ Kg7 54. f6+ Kf7 55. Kg4 Rg2+ 56. Kf5 Rf2+ 57. Ke5 Rg2 58. g6+ Kf8 59. g7+ Rxg7 1/2-1/2

[Event "Berlin Spring op-A"]
[Site "Berlin"]
[Date "2014.05.03"]
[Round "5"]
[White "Dijksterhuis, Rolf"]
[Black "Costello, Colin"]
[Result "1-0"]
[WhiteElo "1988"]
[BlackElo "1961"]
[PlyCount "115"]
[EventDate "2014.05.01"]
[EventType "swiss"]
[EventRounds "7"]
[EventCountry "GER"]
[SourceTitle "CBM 160 Extra"]
[Source "ChessBase"]
[SourceDate "2014.07.01"]
[SourceVersion "1"]
[SourceVersionDate "2014.07.01"]
[SourceQuality "1"]

1. e4 e6 2. d4 d5 3. Nc3 Bb4 4. Nge2 dxe4 5. a3 Be7 6. Nxe4 Nf6 7. N2g3 Nbd7 8. Be2 0-0 9. 0-0 c5 10. dxc5 Nxc5 11. Nxc5 Bxc5 12. Bg5 Be7 13. c4 Qc7 14. Qc2 h6 15. Be3 Bd7 16. Bf3 Bc6 17. Bxc6 Qxc6 18. Rfd1 Rfd8 19. b4 b6 20. f3 Rac8 21. Rxd8+ Rxd8 22. Rc1 h5 23. Kf2 h4 24. Ne4 e5 25. Nxf6+ Bxf6 26. c5 e4 27. f4 bxc5 28. Qxc5 Qxc5 29. Rxc5 Rb8 30. Rc4 Bb2 31. a4 a6 32. Rxe4 Ba3 33. Bd2 Rc8 34. Kf3 Rc2 35. Rd4 f5 36. Be1 h3 37. gxh3 Rxh2 38. Kg3 Re2 39. Bd2 Kh7 40. Rd3 Bb2 41. b5 axb5 42. axb5 Re6 43. Rb3 Bd4 44. Rd3 Bb6 45. Rd5 Re2 46. Rd3 Re6 47. Bc3 Kg6 48. Be5 Kh5 49. Rd6 Rxd6 50. Bxd6 g5 51. Be7 g4 52. hxg4+ fxg4 53. Bb4 Bc7 54. Bc5 Ba5 55. b6 Be1+ 56. Bf2 Ba5 57. b7 Bc7 58. Ba7 1-0

[Event "Berlin Spring op-A"]
[Site "Berlin"]
[Date "2014.05.02"]
[Round "3"]
[White "Costello, Colin"]
[Black "Schnoor, Ekkehard"]
[Result "0-1"]
[WhiteElo "1961"]
[BlackElo "2162"]
[PlyCount "78"]
[EventDate "2014.05.01"]
[EventType "swiss"]
[EventRounds "7"]
[EventCountry "GER"]
[SourceTitle "CBM 160 Extra"]
[Source "ChessBase"]
[SourceDate "2014.07.01"]
[SourceVersion "1"]
[SourceVersionDate "2014.07.01"]
[SourceQuality "1"]

1. c4 c5 2. Nc3 Nc6 3. Nf3 Nf6 4. d4 cxd4 5. Nxd4 Qb6 6. e3 g6 7. Be2 Bg7 8. 0-0 0-0 9. b3 d6 10. Bb2 Bd7 11. Rc1 a6 12. Na4 Qa5 13. Bc3 Qc7 14. c5 d5 15. Nb6 Rad8 16. Nxd7 Rxd7 17. Nxc6 Qxc6 18. b4 Qc7 19. Qa4 e5 20. Ba1 Ne4 21. c6 Rd6 22. Rfd1 bxc6 23. Qxa6 c5 24. Qa4 c4 25. Bf3 f5 26. Qc2 Rfd8 27. a4 Qb7 28. Rb1 Rc8 29. b5 Nc5 30. a5 Rcd8 31. b6 Qa6 32. Bc3 R6d7 33. Bb4 Nb3 34. Rxb3 cxb3 35. Qd2 d4 36. Qb2 Qc4 37. Ba3 d3 38. a6 e4 39. Rc1 Bxb2 0-1

[Event "Leuven op 25th"]
[Site "Leuven"]
[Date "2013.11.09"]
[Round "3"]
[White "Bomans, Arno"]
[Black "Costello, Colin"]
[Result "1-0"]
[WhiteElo "2197"]
[BlackElo "1956"]
[PlyCount "83"]
[EventDate "2013.11.08"]
[EventType "swiss"]
[EventRounds "7"]
[EventCountry "BEL"]
[SourceTitle "EXT 2014"]
[Source "ChessBase"]
[SourceDate "2013.11.20"]
[SourceVersion "1"]
[SourceVersionDate "2013.11.20"]
[SourceQuality "1"]

1. d4 Nf6 2. c4 e6 3. Nc3 Bb4 4. Qc2 d5 5. a3 Bxc3+ 6. Qxc3 0-0 7. Nf3 Nbd7 8. Bg5 c5 9. e3 b6 10. cxd5 exd5 11. Bd3 Bb7 12. 0-0 Rc8 13. Bf5 cxd4 14. Qxd4 Rc4 15. Qd2 Nc5 16. Rad1 Ne6 17. b3 Rc8 18. Bh4 h6 19. Qb2 g5 20. Bg3 Nh5 21. Be5 Rc6 22. Bg4 Nhg7 23. Bf6 Qc7 24. Rc1 h5 25. Bxe6 Nxe6 26. Nxg5 d4 27. Nxe6 fxe6 28. Bxd4 Qf7 29. Rxc6 Bxc6 30. f3 Qg6 31. Kh1 h4 32. h3 Rf5 33. Be5 Qg5 34. Bf4 Qh5 35. Qc3 Rc5 36. Qf6 e5 37. Bh6 Qf7 38. Qxh4 Rc2 39. Rd1 Rxg2 40. Rd8+ Kh7 41. Bf4+ Kg6 42. Rd6+ 1-0

[Event "Berlin Lichtenberger op 12th"]
[Site "Berlin"]
[Date "2013.08.17"]
[Round "1"]
[White "Moeller, Dirk Halvard"]
[Black "Costello, Colin"]
[Result "1-0"]
[WhiteElo "1649"]
[BlackElo "1956"]
[PlyCount "137"]
[EventDate "2013.08.17"]
[EventType "swiss"]
[EventRounds "9"]
[EventCountry "GER"]
[SourceTitle "CBM 156 Extra"]
[Source "ChessBase"]
[SourceDate "2013.10.22"]
[SourceVersion "1"]
[SourceVersionDate "2013.10.22"]
[SourceQuality "1"]

1. e4 e5 2. Nf3 Nc6 3. Bb5 Nf6 4. 0-0 Bc5 5. d3 d6 6. c3 0-0 7. Bg5 Bg4 8. Nbd2 Re8 9. Re1 a6 10. Bc4 h6 11. Bh4 Ba7 12. Qb3 Qe7 13. Qxb7 Na5 14. Qb4 Nxc4 15. Qxc4 g5 16. Bg3 Be6 17. Qa4 Bd7 18. Qd1 Rab8 19. b3 Bg4 20. h3 Bh5 21. Nc4 Qd7 22. Ne3 Bg6 23. h4 Nh5 24. Nd5 c6 25. Ne3 Nxg3 26. fxg3 Bxe3+ 27. Rxe3 Qg4 28. Kh2 Bh5 29. Qf1 Re6 30. Qf2 Rf6 31. Qd2 Rg6 32. Rf1 Qe6 33. d4 Re8 34. d5 cxd5 35. Qxd5 Bxf3 36. Qxe6 Rexe6 37. Rexf3 gxh4 38. Rxf7 hxg3+ 39. Kh3 Rg5 40. R7f6 Re7 41. Rxh6 Kg7 42. Rxd6 Re8 43. Kh4 Rg6 44. Rxg6+ Kxg6 45. Kxg3 Rd8 46. Rf3 Rd2 47. a3 Re2 48. Rd3 Rxe4 49. Kf3 Kf5 50. Rd6 Re1 51. Kf2 Rb1 52. b4 Kf4 53. Rf6+ Ke4 54. g4 Kd3 55. g5 e4 56. Rd6+ Kxc3 57. g6 e3+ 58. Kxe3 a5 59. bxa5 Rb7 60. a6 Re7+ 61. Kf4 Kc4 62. Kg5 Kc5 63. Rf6 Kd5 64. Kh6 Ke5 65. Rf2 Re6 66. a7 Ra6 67. Kh7 Rxa3 68. g7 Ke6 69. g8Q+ 1-0

[Event "Palanga op"]
[Site "Palanga"]
[Date "2013.06.21"]
[Round "8"]
[White "Costello, Colin"]
[Black "Reklaitis, Sarunas"]
[Result "1/2-1/2"]
[WhiteElo "1956"]
[BlackElo "1814"]
[PlyCount "127"]
[EventDate "2013.06.17"]
[EventType "swiss"]
[EventRounds "9"]
[EventCountry "LTU"]
[SourceTitle "EXT 2014"]
[Source "ChessBase"]
[SourceDate "2013.11.20"]
[SourceVersion "1"]
[SourceVersionDate "2013.11.20"]
[SourceQuality "1"]

1. c4 Nf6 2. Nc3 g6 3. g3 Bg7 4. Bg2 0-0 5. Nf3 c5 6. 0-0 Nc6 7. d4 cxd4 8. Nxd4 Qb6 9. Nb3 d6 10. Be3 Qa6 11. Rc1 Be6 12. Nd5 Ng4 13. Bd4 Nxd4 14. Nxd4 Bd7 15. e3 Ne5 16. Qb3 Bc6 17. Rfd1 e6 18. Nxc6 bxc6 19. Nb4 Rab8 20. Qa3 Qb6 21. Nd3 Nxd3 22. Qxd3 d5 23. b3 a5 24. Rc2 Rfd8 25. cxd5 cxd5 26. Rdc1 d4 27. Rc6 Qb4 28. Rc7 Be5 29. R7c4 Qa3 30. exd4 Bxd4 31. Qe2 a4 32. Rd1 axb3 33. axb3 Bf6 34. Rxd8+ Bxd8 35. Qd3 Qxb3 36. Qxb3 Rxb3 37. Rc2 Kg7 38. Bf1 h6 39. Kg2 Bb6 40. Bc4 Ra3 41. Ra2 Rc3 42. Bb5 Bd4 43. Rd2 e5 44. Ba4 Ra3 45. Bc6 g5 46. Be4 Ra4 47. Bf5 h5 48. h3 h4 49. g4 Bb6 50. Rb2 Bd4 51. Rc2 Ra7 52. Re2 Kf6 53. Rc2 Ke7 54. Be4 f6 55. Kf3 Ra6 56. Rc6 Ra2 57. Rc2 Ra3+ 58. Kg2 Bc3 59. Bd5 Ra5 60. Be4 Rc5 61. Ra2 Rc4 62. Ra7+ Kd6 63. Ra6+ Kc7 64. Bf3 1/2-1/2

[Event "Norderstedt op"]
[Site "Norderstedt"]
[Date "2013.03.30"]
[Round "5"]
[White "Arndt, Uwe"]
[Black "Costello, Colin"]
[Result "1-0"]
[WhiteElo "1993"]
[BlackElo "1957"]
[PlyCount "83"]
[EventDate "2013.03.28"]
[EventType "swiss"]
[EventRounds "9"]
[EventCountry "GER"]
[SourceTitle "EXT 2015"]
[Source "ChessBase"]
[SourceDate "2014.11.20"]
[SourceVersion "1"]
[SourceVersionDate "2014.11.20"]
[SourceQuality "1"]

1. d4 e6 2. c4 d5 3. Nc3 Be7 4. Nf3 Nf6 5. Bg5 0-0 6. e3 Nbd7 7. Rc1 c6 8. Bd3 dxc4 9. Bxc4 Nd5 10. Bxe7 Qxe7 11. 0-0 Nxc3 12. Rxc3 e5 13. d5 cxd5 14. Qxd5 e4 15. Nd4 Nb6 16. Qb5 Bd7 17. Qa5 Rfc8 18. Rfc1 Na4 19. Bxf7+ Kxf7 20. Rxc8 Rxc8 21. Rxc8 Bxc8 22. Qxa4 Qc5 23. Qb3+ Ke7 24. h3 b6 25. Qg8 Kf6 26. Qxh7 Qc1+ 27. Kh2 Qxb2 28. Qxe4 Qxa2 29. Qc6+ Be6 30. f4 Qd5 31. Qc3 Kg6 32. g4 Qa2+ 33. Kg3 Bd5 34. Qd3+ Kf7 35. Qf5+ Kg8 36. e4 Qa3+ 37. Nf3 Bb3 38. Qc8+ Kh7 39. Ng5+ Kh6 40. Qh8+ Kg6 41. e5 Bg8+ 42. Kh4 1-0

[Event "Lienz op 17th"]
[Site "Lienz"]
[Date "2013.02.15"]
[Round "8"]
[White "Unterreiner, Manuel"]
[Black "Costello, Colin"]
[Result "1-0"]
[WhiteElo "2072"]
[BlackElo "1956"]
[PlyCount "79"]
[EventDate "2013.02.09"]
[EventType "swiss"]
[EventRounds "9"]
[EventCountry "AUT"]
[SourceTitle "CBM 152 Extra"]
[Source "ChessBase"]
[SourceDate "2013.02.25"]
[SourceVersion "1"]
[SourceVersionDate "2013.02.25"]
[SourceQuality "1"]

1. e4 e6 2. d4 d5 3. Nd2 c5 4. exd5 exd5 5. Bb5+ Nc6 6. Ngf3 Bd6 7. dxc5 Bxc5 8. Nb3 Bd6 9. 0-0 Nge7 10. h3 0-0 11. Nbd4 a6 12. Bd3 Ng6 13. Re1 Bd7 14. c3 Qc7 15. Be3 Rfe8 16. Bf5 Na5 17. Qc2 Nc4 18. Bg5 Nce5 19. Rad1 h6 20. Bc1 Nxf3+ 21. Nxf3 Rxe1+ 22. Rxe1 Bxf5 23. Qxf5 Qc4 24. Nd4 Bc5 25. Nb3 Bb6 26. g3 Rd8 27. h4 Qc7 28. Kg2 Rd6 29. Re8+ Nf8 30. Bf4 Qd7 31. Rxf8+ Kxf8 32. Bxd6+ Qxd6 33. Qc8+ Bd8 34. Qxb7 Qe6 35. Nc5 Qg6 36. Qxa6 Qg4 37. Qd6+ Ke8 38. Qxd5 Be7 39. Qa8+ Bd8 40. Qe4+ 1-0

[Event "Berlin Lichtenrade op 08th"]
[Site "Berlin"]
[Date "2012.10.01"]
[Round "3"]
[White "Costello, Colin"]
[Black "Boettcher, Patrick"]
[Result "0-1"]
[WhiteElo "1956"]
[BlackElo "2193"]
[PlyCount "68"]
[EventDate "2012.09.29"]
[EventType "swiss"]
[EventRounds "9"]
[EventCountry "GER"]
[SourceTitle "CBM 150 Extra"]
[Source "ChessBase"]
[SourceDate "2012.10.19"]
[SourceVersion "1"]
[SourceVersionDate "2012.10.19"]
[SourceQuality "1"]

1. c4 Nf6 2. g3 c5 3. Nc3 d5 4. cxd5 Nxd5 5. Bg2 Nc7 6. Nf3 Nc6 7. 0-0 e5 8. d3 Be7 9. Nd2 Bd7 10. Nc4 f6 11. f4 b5 12. Ne3 exf4 13. gxf4 Rc8 14. Ned5 Nd4 15. e3 Nf5 16. e4 Nd4 17. Qh5+ g6 18. Qh6 Kf7 19. e5 f5 20. Bd2 Bf8 21. Qh3 Nce6 22. Nf6 Bc6 23. Ncd5 Bg7 24. Rae1 Bxf6 25. Nxf6 Qb6 26. Nd5 Qb7 27. Qh4 Bxd5 28. Qf6+ Kg8 29. Bxd5 Qxd5 30. Bc3 Rf8 31. Qe7 Rf7 32. Qh4 Nf3+ 33. Rxf3 Qxf3 34. Rf1 Qg4+ 0-1

[Event "Berlin Lichtenrade op 08th"]
[Site "Berlin"]
[Date "2012.09.30"]
[Round "2"]
[White "Moeller, Hendrik"]
[Black "Costello, Colin"]
[Result "1/2-1/2"]
[WhiteElo "2259"]
[BlackElo "1956"]
[PlyCount "167"]
[EventDate "2012.09.29"]
[EventType "swiss"]
[EventRounds "9"]
[EventCountry "GER"]
[SourceTitle "CBM 150 Extra"]
[Source "ChessBase"]
[SourceDate "2012.10.19"]
[SourceVersion "1"]
[SourceVersionDate "2012.10.19"]
[SourceQuality "1"]

1. c4 e5 2. g3 Nf6 3. Bg2 d5 4. cxd5 Nxd5 5. Nc3 Nb6 6. Nf3 Nc6 7. 0-0 Be7 8. a3 0-0 9. b4 a6 10. d3 Re8 11. Rb1 Bf5 12. Bb2 Qd7 13. Re1 Rad8 14. Nd2 Qc8 15. Nce4 Bh3 16. Bh1 Bg4 17. Qc2 Be6 18. Nc5 Bxc5 19. bxc5 Nd5 20. Ba1 Nd4 21. Qb2 Bg4 22. f3 Be6 23. Nc4 f6 24. Kf2 Ne7 25. Rec1 Bxc4 26. Rxc4 Qh3 27. Bg2 Qh6 28. Qa2 Nd5 29. f4 c6 30. Bxd4 exd4 31. Rxd4 Kh8 32. Rh1 Qg6 33. Bxd5 cxd5 34. Rxd5 Rc8 35. Qc4 Qg4 36. e4 Qh3 37. Qd4 b6 38. Kf3 h5 39. Qf2 bxc5 40. Rc1 c4 41. Rxc4 Rxc4 42. dxc4 Rb8 43. Ke3 Rb3+ 44. Rd3 Rb1 45. Qe2 Rh1 46. Rd2 Kg8 47. Qg2 Re1+ 48. Kf2 Qxg2+ 49. Kxg2 Rxe4 50. Rd6 Rxc4 51. Rxa6 h4 52. Kh3 hxg3 53. hxg3 Rc3 54. a4 Ra3 55. f5 Kh7 56. Kg4 Ra1 57. Ra7 Kh6 58. Ra8 Kh7 59. a5 Ra4+ 60. Kh5 Ra3 61. Kh4 Ra4+ 62. g4 Ra1 63. a6 Ra3 64. g5 fxg5+ 65. Kxg5 Ra5 66. Kg4 Ra4+ 67. Kf3 Kh6 68. Ke3 Kh7 69. Kd3 Ra1 70. Kd4 Ra5 71. Ke4 Kh6 72. Re8 Kh7 73. Re6 Kg8 74. f6 gxf6 75. Rxf6 Kg7 76. Rb6 Kf7 77. Kd4 Ke7 78. Kc4 Kd7 79. Kb4 Ra1 80. Rh6 Kc7 81. Kc5 Rc1+ 82. Kb4 Rb1+ 83. Kc5 Kb8 84. Kc4 1/2-1/2

[Event "Berlin Lichtenberger op 11th"]
[Site "Berlin"]
[Date "2012.08.26"]
[Round "9"]
[White "Barisch, Florian"]
[Black "Costello, Colin"]
[Result "1-0"]
[WhiteElo "1979"]
[BlackElo "1956"]
[PlyCount "71"]
[EventDate "2012.08.18"]
[EventType "swiss"]
[EventRounds "9"]
[EventCountry "GER"]
[SourceTitle "CBM 150 Extra"]
[Source "ChessBase"]
[SourceDate "2012.10.19"]
[SourceVersion "1"]
[SourceVersionDate "2012.10.19"]
[SourceQuality "1"]

1. d4 Nf6 2. Nf3 d5 3. Bf4 c5 4. c3 e6 5. e3 Bd6 6. Bg3 Nc6 7. Nbd2 0-0 8. Bd3 b6 9. Ne5 Bb7 10. f4 Qc7 11. Qf3 c4 12. Bc2 b5 13. 0-0 b4 14. Bh4 Be7 15. Bxf6 Bxf6 16. Qh3 g6 17. Ndf3 Rab8 18. g4 Bc8 19. Rab1 Rb6 20. Ba4 Bxe5 21. fxe5 f6 22. Bxc6 Rxc6 23. exf6 Rxf6 24. Ne5 Rxf1+ 25. Rxf1 bxc3 26. bxc3 Rb6 27. Rf7 Rb1+ 28. Kf2 Rb2+ 29. Kf3 Qxf7+ 30. Nxf7 Kxf7 31. Qxh7+ Ke8 32. Qxg6+ Kd7 33. Qf7+ Kc6 34. h4 Rc2 35. Qxa7 Rxc3 36. Qa4+ 1-0

[Event "Sunningdale e2e4 op"]
[Site "Ascot"]
[Date "2011.05.30"]
[Round "7"]
[White "Costello, Colin"]
[Black "Bonafont, Philip"]
[Result "0-1"]
[WhiteElo "1983"]
[BlackElo "2135"]
[PlyCount "68"]
[EventDate "2011.05.27"]
[EventType "swiss"]
[EventRounds "7"]
[EventCountry "ENG"]
[SourceTitle "CBM 142 Extra"]
[Source "ChessBase"]
[SourceDate "2011.06.27"]
[SourceVersion "1"]
[SourceVersionDate "2011.06.27"]
[SourceQuality "1"]

1. c4 c5 2. Nc3 Nc6 3. Nf3 e5 4. e3 Nf6 5. d4 cxd4 6. exd4 e4 7. Ne5 Bb4 8. Nxc6 dxc6 9. Be2 Qa5 10. 0-0 Bxc3 11. bxc3 Qxc3 12. Bg5 Be6 13. Rb1 0-0 14. Rb3 Qa5 15. Bxf6 gxf6 16. Rg3+ Kh8 17. d5 cxd5 18. Qd4 Qd8 19. cxd5 Bxd5 20. Rd1 Bc6 21. Qe3 Qe7 22. Bg4 Rg8 23. Bf5 Rxg3 24. hxg3 Qe5 25. g4 Kg7 26. Qh3 h6 27. Qe3 h5 28. Rd4 Re8 29. Rc4 hxg4 30. Bxg4 Rh8 31. Bh3 Rd8 32. Rc1 Qg5 33. Qc3 Rd3 34. Qc5 Rd1+ 0-1

[Event "Gibraltar Masters 9th"]
[Site "Caleta"]
[Date "2011.02.03"]
[Round "10"]
[White "Kuenitz, Klaus"]
[Black "Costello, Colin"]
[Result "1/2-1/2"]
[WhiteElo "1695"]
[BlackElo "1975"]
[PlyCount "107"]
[EventDate "2011.01.25"]
[EventType "swiss"]
[EventRounds "10"]
[EventCountry "GGB"]
[SourceTitle "CBM 141"]
[Source "ChessBase"]
[SourceDate "2011.03.17"]
[SourceVersion "1"]
[SourceVersionDate "2011.03.17"]
[SourceQuality "1"]

1. d4 Nf6 2. c4 e6 3. Nf3 Bb4+ 4. Bd2 Be7 5. Nc3 d5 6. cxd5 exd5 7. Bg5 0-0 8. e3 c6 9. Bd3 Nbd7 10. Qc2 Re8 11. 0-0 Nf8 12. Rab1 Ne4 13. Bxe7 Qxe7 14. b4 a6 15. a4 Ng6 16. b5 axb5 17. axb5 Bg4 18. Nd2 Nxd2 19. Qxd2 Qg5 20. bxc6 bxc6 21. Bxg6 Bf3 22. Bxh7+ Kxh7 23. g3 Qg4 24. Rfc1 Ra3 25. Qe1 Rxc3 26. Rxc3 Be4 27. Qd1 Qh3 28. f3 Bxb1 29. Qxb1+ g6 30. Qb7 Qe6 31. Kg2 Kg7 32. Qxc6 Rb8 33. Qxe6 Rb2+ 34. Kg1 fxe6 35. h4 Kf6 36. Kf1 Kf5 37. Rc1 Rh2 38. Re1 e5 39. Kg1 Rd2 40. g4+ Kf6 41. dxe5+ Kxe5 42. h5 gxh5 43. gxh5 Kf6 44. e4 dxe4 45. Rxe4 Kg5 46. h6 Kxh6 47. Rg4 Kh5 48. Rg8 Kh4 49. Rg4+ Kh5 50. Kf1 Ra2 51. Re4 Kg5 52. Re2 Ra4 53. Kf2 Kf4 54. Re4+ 1/2-1/2

[Event "Gibraltar Masters 9th"]
[Site "Caleta"]
[Date "2011.02.01"]
[Round "8"]
[White "Costello, Colin"]
[Black "Meskovs, Nikita"]
[Result "0-1"]
[WhiteElo "1975"]
[BlackElo "2243"]
[PlyCount "62"]
[EventDate "2011.01.25"]
[EventType "swiss"]
[EventRounds "10"]
[EventCountry "GGB"]
[SourceTitle "CBM 141"]
[Source "ChessBase"]
[SourceDate "2011.03.17"]
[SourceVersion "1"]
[SourceVersionDate "2011.03.17"]
[SourceQuality "1"]

1. c4 Nf6 2. g3 g6 3. Bg2 Bg7 4. Nc3 0-0 5. Nf3 d6 6. 0-0 e5 7. d3 Nbd7 8. Rb1 a5 9. a3 Re8 10. Nd2 Nh5 11. Qc2 f5 12. b4 c6 13. Bb2 Qc7 14. b5 Nc5 15. bxc6 bxc6 16. Nb5 Qd7 17. d4 Nb7 18. dxe5 cxb5 19. cxb5 dxe5 20. Bc6 Qe7 21. Nc4 Rd8 22. Nb6 Rb8 23. Nd5 Qf7 24. Rfd1 Be6 25. Qc4 Kh8 26. f4 Nd6 27. Qa4 Ne4 28. Ne3 Rxd1+ 29. Qxd1 Qa7 30. b6 Qxb6 31. Bd4 Qxb1 0-1

[Event "Gibraltar Masters 9th"]
[Site "Caleta"]
[Date "2011.01.31"]
[Round "7"]
[White "Lasinskas, Povilas"]
[Black "Costello, Colin"]
[Result "1/2-1/2"]
[WhiteElo "2164"]
[BlackElo "1975"]
[PlyCount "95"]
[EventDate "2011.01.25"]
[EventType "swiss"]
[EventRounds "10"]
[EventCountry "GGB"]
[SourceTitle "CBM 141"]
[Source "ChessBase"]
[SourceDate "2011.03.17"]
[SourceVersion "1"]
[SourceVersionDate "2011.03.17"]
[SourceQuality "1"]

1. d4 Nf6 2. c4 e6 3. Nc3 d5 4. Bg5 Be7 5. e3 Nbd7 6. Nf3 0-0 7. Qc2 c6 8. Bd3 dxc4 9. Bxc4 Nd5 10. Ne4 Qa5+ 11. Kf1 N5f6 12. h4 e5 13. Nxf6+ Bxf6 14. Bxf6 Nxf6 15. Nxe5 Be6 16. a3 Nd5 17. Bd3 f5 18. g4 g6 19. Ke2 c5 20. h5 cxd4 21. hxg6 Nxe3 22. gxh7+ Kg7 23. fxe3 Qxe5 24. Qd2 dxe3 25. Qc3 Qxc3 26. bxc3 fxg4 27. Raf1 Bd5 28. Rxf8 Rxf8 29. Rg1 Bf3+ 30. Kxe3 Rd8 31. Bf5 Rd5 32. Kf4 Rxf5+ 33. Kxf5 Kxh7 34. Re1 Kg7 35. c4 Kf7 36. c5 a6 37. a4 Bc6 38. a5 g3 39. Ke5 g2 40. Kf4 Kg6 41. Kg3 Kf5 42. Kf2 Be4 43. Re3 Ke5 44. Rg3 Bc6 45. Rd3 Ke4 46. Rd2 Ke5 47. Rd3 Ke4 48. Rd2 1/2-1/2